[Event "19. Open de Sants Hostafrancs 2017"]
[Site "Barcelona ESP"]
[Date "2017.08.21"]
[Round "4.17"]
[White "Svetushkin, Dmitry"]
[Black "Vidal Zamora, Alex"]
[Result "1-0"]
[WhiteElo "2558"]
[BlackElo "2365"]
[PlyCount "57"]
[EventDate "2017.08.18"]
[EventType "swiss"]
[EventRounds "10"]
[EventCountry "ESP"]
[SourceTitle "Ajedrez en Madrid"]
[Source "lmi"]
[SourceDate "2017.08.18"]

1. e4 c5 2. Nf3 e6 3. d3 d5 4. Qe2 Nc6 5. g3 Nf6 6. Bg2 Be7 7. O-O b6 8. e5 Nd7
9. c4 dxc4 10. dxc4 Bb7 11. Nc3 a6 12. Rd1 Qc7 13. Bf4 O-O-O 14. Nd5 Qb8 15. a3
h6 16. h4 Rhg8 17. b4 g5 18. Nxe7+ Nxe7 19. hxg5 hxg5 20. Nxg5 Bxg2 21. Kxg2
Ng6 22. Qe4 Qb7 23. Re1 cxb4 24. axb4 Qxe4+ 25. Rxe4 Nxf4+ 26. gxf4 Nb8 27. Kf3
Rd7 28. Re3 Kb7 29. Ne4 1-0

[Event "19. Open de Sants Hostafrancs 2017"]
[Site "Barcelona ESP"]
[Date "2017.08.21"]
[Round "4.14"]
[White "Vocaturo, Daniele"]
[Black "Panelo, Marcelo"]
[Result "1-0"]
[WhiteElo "2596"]
[BlackElo "2386"]
[PlyCount "83"]
[EventDate "2017.08.18"]
[EventType "swiss"]
[EventRounds "10"]
[EventCountry "ESP"]
[SourceTitle "Ajedrez en Madrid"]
[Source "lmi"]
[SourceDate "2017.08.18"]

1. e4 c5 2. Nc3 Nc6 3. Bb5 Nd4 4. Bc4 e6 5. Nge2 a6 6. d3 Ne7 7. Nxd4 cxd4 8.
Ne2 Nc6 9. O-O Be7 10. f4 d5 11. exd5 exd5 12. Bb3 Bg4 13. h3 Bxe2 14. Qxe2 Na5
15. Re1 Nxb3 16. cxb3 Kf8 17. Bd2 h6 18. Rac1 Bf6 19. Qf3 g6 20. Rc5 Kg7 21.
Rxd5 Qc7 22. Rc1 Qe7 23. Rdc5 Rhe8 24. Rc7 Qe2 25. Qxb7 Be7 26. Be1 Rab8 27.
Qa7 Rbd8 28. Bf2 Ra8 29. Qxd4+ Bf6 30. Qd5 Qe6 31. Qxe6 Rxe6 32. R7c2 Rd6 33.
Rd1 Rad8 34. Kf1 Rxd3 35. Rxd3 Rxd3 36. Ke2 Rd5 37. b4 Rf5 38. g3 Rh5 39. h4
Rb5 40. Bc5 Rb8 41. a4 Re8+ 42. Kd3 1-0

[Event "19. Open de Sants Hostafrancs 2017"]
[Site "Barcelona ESP"]
[Date "2017.08.21"]
[Round "4.15"]
[White "Haug, Johannes"]
[Black "Heimann, Andreas"]
[Result "1/2-1/2"]
[WhiteElo "2362"]
[BlackElo "2591"]
[PlyCount "126"]
[EventDate "2017.08.18"]
[EventType "swiss"]
[EventRounds "10"]
[EventCountry "ESP"]
[SourceTitle "Ajedrez en Madrid"]
[Source "lmi"]
[SourceDate "2017.08.18"]

1. d4 Nf6 2. c4 g6 3. Nf3 Bg7 4. g3 O-O 5. Bg2 c5 6. O-O cxd4 7. Nxd4 Nc6 8.
Nc3 Qa5 9. Nb3 Qh5 10. e4 d6 11. Qxh5 Nxh5 12. Be3 a5 13. Rfd1 Bg4 14. f3 Be6
15. g4 Nf6 16. Nd5 Nd7 17. Nd4 Bxd5 18. cxd5 Nxd4 19. Bxd4 Rfc8 20. Bf1 g5 21.
b3 a4 22. b4 a3 23. Kf2 Bxd4+ 24. Rxd4 Ne5 25. Ke3 Kg7 26. Bd3 Rc7 27. Rb1 Rac8
28. Rb3 Nc4+ 29. Bxc4 Rxc4 30. Rxa3 b5 31. Rxc4 Rxc4 32. Ra7 Rxb4 33. Rxe7 Ra4
34. Rd7 Ra6 35. h3 Kf6 36. Rb7 Ra3+ 37. Kd4 Ra4+ 38. Kd3 b4 39. Rd7 Rxa2 40.
Rxd6+ Ke5 41. Rb6 Ra3+ 42. Ke2 Rb3 43. d6 Ke6 44. Kf2 Rb1 45. Kg2 b3 46. Kh2
Rb2+ 47. Kg3 Rb1 48. Kh2 b2 49. Kg2 Kd7 50. Rb7+ Kxd6 51. Rb8 Ke5 52. Rb7 Kf6
53. Rb8 Kg7 54. Rb7 Kg6 55. Rb8 h5 56. Rb6+ f6 57. gxh5+ Kxh5 58. Rb8 Kg6 59.
Rb7 f5 60. Rb8 Kf6 61. Rb7 Ke5 62. Rb8 Kf4 63. Rb7 Ke3 1/2-1/2

[Event "19. Open de Sants Hostafrancs 2017"]
[Site "Barcelona ESP"]
[Date "2017.08.21"]
[Round "4.16"]
[White "Moussard, Jules"]
[Black "Mascaro March, Pedro"]
[Result "0-1"]
[WhiteElo "2571"]
[BlackElo "2387"]
[PlyCount "166"]
[EventDate "2017.08.18"]
[EventType "swiss"]
[EventRounds "10"]
[EventCountry "ESP"]
[SourceTitle "Ajedrez en Madrid"]
[Source "lmi"]
[SourceDate "2017.08.18"]

1. Nf3 Nf6 2. g3 d5 3. Bg2 Bg4 4. O-O c6 5. h3 Bxf3 6. Bxf3 Nbd7 7. d4 e5 8. c4
dxc4 9. Nd2 exd4 10. Nxc4 Nb6 11. Qc2 Nbd5 12. Rd1 Bc5 13. Nd2 Bb6 14. Nb3 Qd7
15. Kg2 Nc7 16. Bg5 Ne6 17. Bxf6 gxf6 18. Qf5 Qe7 19. a4 a5 20. Rac1 O-O 21. h4
Rfe8 22. Rc4 Rad8 23. Nd2 Ng7 24. Qc2 Qe5 25. Qb3 Qc7 26. Ne4 Re6 27. h5 h6 28.
Rh1 f5 29. Nd2 Re7 30. Rh4 Ne6 31. Rc1 Bc5 32. Qd3 Bb4 33. Nc4 Rd5 34. Rd1 Rc5
35. Nd2 Bxd2 36. Qxd2 Kg7 37. Rc1 Rxc1 38. Qxc1 c5 39. e3 Ng5 40. Rf4 dxe3 41.
fxe3 Qe5 42. Qc3 Qxc3 43. bxc3 b6 44. Rxf5 Rxe3 45. c4 Ra3 46. Bc6 Rc3 47. Bd5
Rb3 48. Bc6 Rb2+ 49. Kg1 Rb4 50. Bb5 Ne4 51. Rd5 Nxg3 52. Rd6 Ne2+ 53. Kg2 Nc3
54. Be8 Nxa4 55. Rd7 Kf8 56. Bxf7 Nb2 57. Be6 a4 58. Rf7+ Ke8 59. Ra7 Nxc4 60.
Bd7+ Kf8 61. Bxa4 b5 62. Bxb5 Rxb5 63. Rh7 Rb2+ 64. Kg1 Rb1+ 65. Kg2 Ne3+ 66.
Kf3 Nf5 67. Kf4 Kg8 68. Rc7 Ng7 69. Ke5 Rc1 70. Rc6 Kh7 71. Rc7 Rf1 72. Ke4 Rc1
73. Ke5 c4 74. Kf6 Rf1+ 75. Ke7 Nxh5 76. Rxc4 Ng7 77. Kd6 h5 78. Ke5 Kg6 79.
Rc2 Ne8 80. Rg2+ Kh6 81. Rg8 Nf6 82. Rh8+ Kg5 83. Ke6 h4 0-1

[Event "19. Open de Sants Hostafrancs 2017"]
[Site "Barcelona ESP"]
[Date "2017.08.21"]
[Round "4.18"]
[White "Konguvel, Ponnuswamy"]
[Black "Ortiz Suarez, Isan Reynaldo"]
[Result "1/2-1/2"]
[WhiteElo "2383"]
[BlackElo "2556"]
[PlyCount "82"]
[EventDate "2017.08.18"]
[EventType "swiss"]
[EventRounds "10"]
[EventCountry "ESP"]
[SourceTitle "Ajedrez en Madrid"]
[Source "lmi"]
[SourceDate "2017.08.18"]

1. e4 c5 2. Nf3 e6 3. d4 cxd4 4. Nxd4 Nc6 5. Nc3 Qc7 6. Be3 a6 7. Qd2 Nf6 8.
O-O-O Bb4 9. f3 O-O 10. g4 b5 11. g5 Ne8 12. Nxc6 dxc6 13. h4 e5 14. Qf2 Be7
15. h5 Be6 16. g6 Nf6 17. Bh3 Qc8 18. Qg2 Bxh3 19. Rxh3 Qe6 20. Rg1 Ne8 21.
gxh7+ Kxh7 22. Rg3 Bf6 23. Bg5 Rd8 24. Bxf6 Qxf6 25. Ne2 Qh6+ 26. Kb1 Rd2 27.
Rg5 Rg8 28. f4 exf4 29. e5 Kh8 30. Qf3 Nc7 31. Nxf4 Ne6 32. Nxe6 Qxe6 33. b3
Qd5 34. Qg4 Rd4 35. Qg3 Rd1+ 36. Rxd1 Qxd1+ 37. Kb2 Qd4+ 38. Kb1 Rd8 39. Rxg7
Qd1+ 40. Kb2 Qd4+ 41. Kb1 Qd1+ 1/2-1/2

[Event "19. Open de Sants Hostafrancs 2017"]
[Site "Barcelona ESP"]
[Date "2017.08.21"]
[Round "4.19"]
[White "Krysa, Leandro"]
[Black "Pogorelov, Ruslan"]
[Result "1/2-1/2"]
[WhiteElo "2537"]
[BlackElo "2348"]
[PlyCount "53"]
[EventDate "2017.08.18"]
[EventType "swiss"]
[EventRounds "10"]
[EventCountry "ESP"]
[SourceTitle "Ajedrez en Madrid"]
[Source "lmi"]
[SourceDate "2017.08.18"]

1. Nf3 c5 2. c4 g6 3. d4 cxd4 4. Nxd4 Bg7 5. e4 Nc6 6. Be3 Nf6 7. Nc3 d6 8. Be2
O-O 9. O-O Bd7 10. Nc2 Rc8 11. f4 a6 12. Rc1 h5 13. h3 Nh7 14. Qd2 f5 15. exf5
Bxf5 16. g4 hxg4 17. hxg4 Be6 18. Rf2 Bf7 19. Rcf1 e6 20. g5 Ne7 21. Bd3 d5 22.
cxd5 Nxd5 23. Nxd5 Qxd5 24. Nb4 Qd8 25. Bb1 Qe7 26. Nd3 Rfd8 27. Qe1 1/2-1/2

[Event "19. Open de Sants Hostafrancs 2017"]
[Site "Barcelona ESP"]
[Date "2017.08.21"]
[Round "4.20"]
[White "Ferreira, Jorge Viterbo"]
[Black "Vidarte Morales, Arturo"]
[Result "1-0"]
[WhiteElo "2499"]
[BlackElo "2328"]
[PlyCount "95"]
[EventDate "2017.08.18"]
[EventType "swiss"]
[EventRounds "10"]
[EventCountry "ESP"]
[SourceTitle "Ajedrez en Madrid"]
[Source "lmi"]
[SourceDate "2017.08.18"]

1. e4 d6 2. d4 g6 3. Nc3 Bg7 4. Be3 c6 5. a4 a5 6. f4 Nf6 7. Nf3 O-O 8. e5 Ne8
9. h4 Bg4 10. h5 c5 11. hxg6 hxg6 12. Be2 Bxf3 13. Bxf3 cxd4 14. Bxd4 dxe5 15.
fxe5 Nc6 16. Bxc6 bxc6 17. Qg4 f5 18. exf6 Nxf6 19. Qe6+ Rf7 20. O-O-O Qc8 21.
Qc4 Qa6 22. Qb3 Qc8 23. Ne4 Rb8 24. Qf3 Nxe4 25. Qxe4 Qf5 26. Qh4 Qf4+ 27. Qxf4
Rxf4 28. Bxg7 Kxg7 29. b3 Rbb4 30. Rh3 Rbe4 31. Rc3 Re6 32. Rd7 Rf5 33. Rc7 Rg5
34. R3xc6 Rxc6 35. Rxc6 Rxg2 36. Rc5 g5 37. Rxa5 g4 38. Kb2 Kf6 39. Ra8 Rd2 40.
Rg8 Kf5 41. a5 e5 42. a6 Rd7 43. b4 e4 44. b5 e3 45. b6 e2 46. Re8 Rd4 47. b7
Rb4+ 48. Kc3 1-0

[Event "19. Open de Sants Hostafrancs 2017"]
[Site "Barcelona ESP"]
[Date "2017.08.21"]
[Round "4.21"]
[White "Moroni, Luca Jr"]
[Black "Henrich, Thomas"]
[Result "1-0"]
[WhiteElo "2476"]
[BlackElo "2310"]
[PlyCount "59"]
[EventDate "2017.08.18"]
[EventType "swiss"]
[EventRounds "10"]
[EventCountry "ESP"]
[SourceTitle "Ajedrez en Madrid"]
[Source "lmi"]
[SourceDate "2017.08.18"]

1. d4 Nf6 2. c4 g6 3. Nf3 Bg7 4. g3 O-O 5. Bg2 d6 6. Nc3 Nc6 7. O-O Bg4 8. d5
Na5 9. Qd3 c5 10. h3 Bd7 11. e4 a6 12. e5 Ne8 13. Bf4 b5 14. b3 bxc4 15. bxc4
Rb8 16. Rac1 Rb2 17. g4 dxe5 18. Nxe5 Nd6 19. Nc6 Bxc6 20. dxc6 e5 21. Be3
Naxc4 22. Bxc5 Rd2 23. Qb1 Re8 24. Rfd1 Qg5 25. Ne4 Nxe4 26. Qxe4 Nd6 27. Bxd6
Rxd6 28. c7 Rxd1+ 29. Rxd1 Qe7 30. Qb7 1-0

[Event "19. Open de Sants Hostafrancs 2017"]
[Site "Barcelona ESP"]
[Date "2017.08.21"]
[Round "4.22"]
[White "Martin, Julian"]
[Black "Rios, Cristhian Camilo"]
[Result "1-0"]
[WhiteElo "2353"]
[BlackElo "2475"]
[PlyCount "57"]
[EventDate "2017.08.18"]
[EventType "swiss"]
[EventRounds "10"]
[EventCountry "ESP"]
[SourceTitle "Ajedrez en Madrid"]
[Source "lmi"]
[SourceDate "2017.08.18"]

1. e4 c5 2. Nf3 e6 3. d4 cxd4 4. Nxd4 a6 5. c4 Nf6 6. Nc3 Qc7 7. a3 d6 8. Be3
Nbd7 9. Be2 b6 10. O-O Bb7 11. f3 Be7 12. b4 O-O 13. Rc1 Rac8 14. Qd2 Qb8 15.
Rc2 Bd8 16. Kh1 Bc7 17. Bg1 Kh8 18. Rb1 Rg8 19. Na4 Ba8 20. c5 b5 21. Nb2 dxc5
22. bxc5 Bf4 23. Qb4 g5 24. Nd3 Bc7 25. c6 Ne5 26. Nc5 Qa7 27. Nd7 Nfxd7 28.
cxd7 Nxd7 29. Nxb5 1-0

[Event "19. Open de Sants Hostafrancs 2017"]
[Site "Barcelona ESP"]
[Date "2017.08.21"]
[Round "4.23"]
[White "Christiansen, Johan-sebastian"]
[Black "German, Nikita"]
[Result "0-1"]
[WhiteElo "2475"]
[BlackElo "2178"]
[PlyCount "49"]
[EventDate "2017.08.18"]
[EventType "swiss"]
[EventRounds "10"]
[EventCountry "ESP"]
[SourceTitle "Ajedrez en Madrid"]
[Source "lmi"]
[SourceDate "2017.08.18"]

1. d4 Nf6 2. Nc3 d5 3. Bf4 c6 4. e3 Bf5 5. f3 h5 6. Bd3 Bxd3 7. Qxd3 Nbd7 8. e4
dxe4 9. fxe4 e5 10. dxe5 Ng4 11. Nf3 Qb6 12. O-O-O Nc5 13. Qd4 Be7 14. Rhf1 Rd8
15. Qc4 Ne6 16. Bd2 Qc7 17. Qe2 Nxe5 18. h3 g6 19. Kb1 O-O 20. g4 h4 21. Qf2
Nxf3 22. Qxf3 Qe5 23. Bh6 Rxd1+ 24. Nxd1 Ng5 25. Qb3 0-1

[Event "19. Open de Sants Hostafrancs 2017"]
[Site "Barcelona ESP"]
[Date "2017.08.21"]
[Round "4.24"]
[White "Cotonnec, Melkior"]
[Black "Brunner, Nicolas"]
[Result "1/2-1/2"]
[WhiteElo "2329"]
[BlackElo "2472"]
[PlyCount "63"]
[EventDate "2017.08.18"]
[EventType "swiss"]
[EventRounds "10"]
[EventCountry "ESP"]
[SourceTitle "Ajedrez en Madrid"]
[Source "lmi"]
[SourceDate "2017.08.18"]

1. e4 c5 2. Nf3 d6 3. d4 cxd4 4. Qxd4 Nc6 5. Bb5 Bd7 6. Qd3 g6 7. c4 Bg7 8. Nc3
Nf6 9. O-O O-O 10. h3 a6 11. Bxc6 Bxc6 12. Rb1 b5 13. cxb5 axb5 14. Nd4 Qb6 15.
Nxc6 Qxc6 16. Bg5 b4 17. Bxf6 bxc3 18. Bxg7 Kxg7 19. Rfc1 Rxa2 20. Rxc3 Qb6 21.
Ra3 Ra8 22. Rxa8 Rxa8 23. b4 f6 24. Rb2 Rb8 25. b5 Qc5 26. Rb1 Rb6 27. Qb3 Kf8
28. g3 Qd4 29. Qe6 Qc5 30. Qb3 Qd4 31. Qe6 Qc5 32. Qb3 1/2-1/2

[Event "19. Open de Sants Hostafrancs 2017"]
[Site "Barcelona ESP"]
[Date "2017.08.21"]
[Round "4.26"]
[White "Buendia Pinar, Alvaro"]
[Black "Rizouk, Aimen"]
[Result "1/2-1/2"]
[WhiteElo "2307"]
[BlackElo "2433"]
[PlyCount "48"]
[EventDate "2017.08.18"]
[EventType "swiss"]
[EventRounds "10"]
[EventCountry "ESP"]
[SourceTitle "Ajedrez en Madrid"]
[Source "lmi"]
[SourceDate "2017.08.18"]

1. d4 Nf6 2. c4 e6 3. Nf3 b6 4. g3 Ba6 5. b3 d5 6. cxd5 exd5 7. Bg2 Bb4+ 8. Bd2
Bd6 9. O-O O-O 10. Nc3 Re8 11. Re1 Bb7 12. Bg5 Nbd7 13. Nb5 Bb4 14. Bd2 Bxd2
15. Nxd2 a6 16. Nc3 c5 17. Nf3 Ne4 18. Rc1 Rc8 19. dxc5 Nxc3 20. Rxc3 bxc5 21.
e3 Nf6 22. Rc2 Qe7 23. Qc1 Rc7 24. Qa3 Rec8 1/2-1/2

[Event "19. Open de Sants Hostafrancs 2017"]
[Site "Barcelona ESP"]
[Date "2017.08.21"]
[Round "4.27"]
[White "Chalmeta Ugas, Ramon"]
[Black "Cruz, Jonathan"]
[Result "0-1"]
[WhiteElo "2298"]
[BlackElo "2424"]
[PlyCount "48"]
[EventDate "2017.08.18"]
[EventType "swiss"]
[EventRounds "10"]
[EventCountry "ESP"]
[SourceTitle "Ajedrez en Madrid"]
[Source "lmi"]
[SourceDate "2017.08.18"]

1. e4 e5 2. Nf3 Nc6 3. d4 exd4 4. Nxd4 Bc5 5. Nxc6 bxc6 6. Bd3 Ne7 7. O-O d6 8.
Nd2 O-O 9. Nb3 Bb6 10. a4 a5 11. Bg5 Qe8 12. Qe2 Ng6 13. c4 Qe5 14. Qd2 Rb8 15.
Kh1 Bxf2 16. Nxa5 Rxb2 17. Qc1 Bh3 18. Bc2 Bxg2+ 19. Kxg2 Be3 20. Qxe3 Rxc2+
21. Kf3 f6 22. Bf4 Qh5+ 23. Kg3 Qh4+ 24. Kf3 Ne5+ 0-1

[Event "19. Open de Sants Hostafrancs 2017"]
[Site "Barcelona ESP"]
[Date "2017.08.21"]
[Round "4.28"]
[White "Erdogdu, Mert"]
[Black "Paquico Rodriguez, Ivan"]
[Result "1-0"]
[WhiteElo "2415"]
[BlackElo "2156"]
[PlyCount "53"]
[EventDate "2017.08.18"]
[EventType "swiss"]
[EventRounds "10"]
[EventCountry "ESP"]
[SourceTitle "Ajedrez en Madrid"]
[Source "lmi"]
[SourceDate "2017.08.18"]

1. e4 g6 2. d4 Bg7 3. Nc3 d6 4. Be3 a6 5. f4 Nd7 6. Nf3 e6 7. Bd3 c5 8. dxc5
Nxc5 9. e5 Nxd3+ 10. Qxd3 d5 11. O-O-O Ne7 12. Ne4 Nf5 13. g4 Nxe3 14. Nd6+
Qxd6 15. exd6 Nxd1 16. Qxd1 Bd7 17. Ne5 f6 18. Nxd7 Kxd7 19. Qd4 Rab8 20. f5
Rhc8 21. Re1 gxf5 22. gxf5 Rc4 23. fxe6+ Kxd6 24. Qb6+ Ke7 25. b3 Rc6 26. Qb4+
Rd6 27. Qc5 1-0

[Event "19. Open de Sants Hostafrancs 2017"]
[Site "Barcelona ESP"]
[Date "2017.08.21"]
[Round "4.29"]
[White "Domingo Nunez, Ruben"]
[Black "Salinas Herrera, Pablo"]
[Result "0-1"]
[WhiteElo "2283"]
[BlackElo "2411"]
[PlyCount "68"]
[EventDate "2017.08.18"]
[EventType "swiss"]
[EventRounds "10"]
[EventCountry "ESP"]
[SourceTitle "Ajedrez en Madrid"]
[Source "lmi"]
[SourceDate "2017.08.18"]

1. e4 c5 2. Nf3 d6 3. d4 cxd4 4. Nxd4 Nf6 5. Nc3 a6 6. f3 e6 7. Be3 b5 8. Qd2
b4 9. Na4 Nbd7 10. Be2 d5 11. exd5 Nxd5 12. Bf2 N7f6 13. Nb3 Bd6 14. Bc5 Bf4
15. Qd4 Bd7 16. c4 Ne3 17. Kf2 e5 18. Qd6 Nf5 19. Qd3 Bxa4 20. Qxf5 Bxb3 21.
axb3 Qc7 22. Be3 Bxe3+ 23. Kxe3 Qb6+ 24. Kd2 Rd8+ 25. Kc2 Qe3 26. Bd3 g6 27.
Qxf6 Qxd3+ 28. Kc1 O-O 29. Ra5 Qxb3 30. Qxa6 Qe3+ 31. Kb1 b3 32. c5 Qd2 33. Rc1
Rd3 34. Qc4 Qxa5 0-1

[Event "19. Open de Sants Hostafrancs 2017"]
[Site "Barcelona ESP"]
[Date "2017.08.21"]
[Round "4.30"]
[White "Tuomainen, Felix"]
[Black "Suarez Uriel, Adrian"]
[Result "0-1"]
[WhiteElo "2175"]
[BlackElo "2406"]
[PlyCount "78"]
[EventDate "2017.08.18"]
[EventType "swiss"]
[EventRounds "10"]
[EventCountry "ESP"]
[SourceTitle "Ajedrez en Madrid"]
[Source "lmi"]
[SourceDate "2017.08.18"]

1. d4 Nf6 2. c4 g6 3. Nc3 Bg7 4. e4 d6 5. Nf3 O-O 6. Be2 Bg4 7. Be3 Nfd7 8. Qd2
e5 9. dxe5 dxe5 10. O-O Nc6 11. Ne1 Bxe2 12. Nxe2 Nb6 13. Qc2 Nd4 14. Bxd4 exd4
15. c5 Nd7 16. Rd1 Qe7 17. b4 Rfe8 18. Nxd4 Qxe4 19. Qxe4 Rxe4 20. Nef3 Nf8 21.
Rfe1 Rxe1+ 22. Rxe1 Rd8 23. Nb5 Ne6 24. Nxa7 Bc3 25. Rb1 Bxb4 26. c6 Bc5 27.
Nb5 bxc6 28. Nc3 Rd3 29. Ne4 Bb6 30. h3 Ra3 31. Rb2 Kg7 32. Rc2 c5 33. Ne5 Nd4
34. Rb2 Ra4 35. Nd7 c4 36. Nxb6 cxb6 37. Rxb6 Rxa2 38. Rb7 Ne2+ 39. Kf1 c3 0-1

[Event "19. Open de Sants Hostafrancs 2017"]
[Site "Barcelona ESP"]
[Date "2017.08.21"]
[Round "4.31"]
[White "Souleidis, Georgios"]
[Black "Zulfic, Fedja"]
[Result "1-0"]
[WhiteElo "2397"]
[BlackElo "2141"]
[PlyCount "55"]
[EventDate "2017.08.18"]
[EventType "swiss"]
[EventRounds "10"]
[EventCountry "ESP"]
[SourceTitle "Ajedrez en Madrid"]
[Source "lmi"]
[SourceDate "2017.08.18"]

1. e4 c5 2. Nf3 Nc6 3. d4 cxd4 4. Nxd4 e5 5. Nb5 d6 6. N1c3 a6 7. Na3 Be6 8.
Nc4 b5 9. Ne3 Nf6 10. Bd3 g6 11. O-O Bg7 12. a4 b4 13. Ncd5 O-O 14. Bd2 a5 15.
c3 bxc3 16. Bxc3 Nd4 17. Kh1 h5 18. f4 Ng4 19. Nxg4 Bxg4 20. Qe1 Be6 21. Rc1
Ra7 22. Bc4 exf4 23. Qf2 Bxd5 24. Bxd5 f3 25. Bxd4 fxg2+ 26. Qxg2 Bxd4 27.
Qxg6+ Bg7 28. Rg1 1-0

[Event "19. Open de Sants Hostafrancs 2017"]
[Site "Barcelona ESP"]
[Date "2017.08.21"]
[Round "4.32"]
[White "Gomez Jurado, Luis Alberto"]
[Black "Delchev, Aleksander"]
[Result "0-1"]
[WhiteElo "2246"]
[BlackElo "2577"]
[PlyCount "84"]
[EventDate "2017.08.18"]
[EventType "swiss"]
[EventRounds "10"]
[EventCountry "ESP"]
[SourceTitle "Ajedrez en Madrid"]
[Source "lmi"]
[SourceDate "2017.08.18"]

1. Nf3 d5 2. g3 g6 3. Bg2 Bg7 4. d4 Nf6 5. O-O O-O 6. c4 dxc4 7. Na3 c3 8. bxc3
c5 9. Nc4 Nc6 10. Nfe5 Nd5 11. Bb2 Nxe5 12. Nxe5 Nb6 13. dxc5 Qxd1 14. Raxd1
Na4 15. Nd3 Rb8 16. Ba1 Bg4 17. Rd2 Rfd8 18. c6 bxc6 19. Bxc6 Nxc3 20. Bxc3
Bxc3 21. Rc2 Bg7 22. Nf4 Bf5 23. e4 Bc8 24. Kg2 e6 25. f3 Ba6 26. Rff2 Rb1 27.
h4 Rdd1 28. Nh3 Bd4 29. Rfd2 Bd3 30. Ba4 Bxc2 31. Rxc2 Rdc1 32. Rd2 Rb2 33.
Rxb2 Bxb2 34. Nf4 Rc3 35. Bb3 Re3 36. g4 Be5 37. Kg3 h6 38. g5 h5 39. Bc4 Kf8
40. a4 Ra3 41. Bb5 Ke7 42. Bc6 a6 0-1

[Event "19. Open de Sants Hostafrancs 2017"]
[Site "Barcelona ESP"]
[Date "2017.08.21"]
[Round "4.33"]
[White "Schroeder, Jan-christian"]
[Black "Visser, Henk-jan"]
[Result "1/2-1/2"]
[WhiteElo "2539"]
[BlackElo "2247"]
[PlyCount "39"]
[EventDate "2017.08.18"]
[EventType "swiss"]
[EventRounds "10"]
[EventCountry "ESP"]
[SourceTitle "Ajedrez en Madrid"]
[Source "lmi"]
[SourceDate "2017.08.18"]

1. e4 c5 2. Nf3 d6 3. d4 cxd4 4. Nxd4 Nf6 5. Nc3 a6 6. Be2 e5 7. Nf3 h6 8. Nd2
b5 9. a4 b4 10. Nd5 Nxd5 11. exd5 a5 12. O-O Be7 13. Bb5+ Bd7 14. Nc4 Qc7 15.
b3 Bg5 16. Bxg5 hxg5 17. Qg4 Rh6 18. Qxg5 Kf8 19. Qe3 Qd8 20. Nb6 1/2-1/2

[Event "19. Open de Sants Hostafrancs 2017"]
[Site "Barcelona ESP"]
[Date "2017.08.21"]
[Round "4.35"]
[White "Rodriguez Alvarez, Vidal"]
[Black "Gascon Del Nogal, Jose Rafael"]
[Result "1-0"]
[WhiteElo "2224"]
[BlackElo "2498"]
[PlyCount "123"]
[EventDate "2017.08.18"]
[EventType "swiss"]
[EventRounds "10"]
[EventCountry "ESP"]
[SourceTitle "Ajedrez en Madrid"]
[Source "lmi"]
[SourceDate "2017.08.18"]

1. Nf3 Nc6 2. d4 d5 3. c4 Bg4 4. Nc3 e6 5. cxd5 exd5 6. Bf4 Bxf3 7. gxf3 Nge7
8. e3 a6 9. Bd3 Qd7 10. Rc1 Ng6 11. Bg3 Bb4 12. a3 Bxc3+ 13. Rxc3 O-O 14. h4
Rfe8 15. h5 Nf8 16. Kf1 Ne6 17. Qc2 g6 18. hxg6 hxg6 19. Bxg6 fxg6 20. Qxg6+
Ng7 21. Rh4 Qf5 22. Qh6 Rad8 23. e4 dxe4 24. Rc5 Rd5 25. Rxd5 Qxd5 26. Qh7+ Kf7
27. Rf4+ Ke7 28. Qxg7+ Kd8 29. Rf7 exf3 30. Rxf3 Ne7 31. Re3 Qh1+ 32. Ke2 Qh5+
33. Kd2 Nd5 34. Rxe8+ Kxe8 35. Bxc7 Qf3 36. Qg3 Qh1 37. Be5 Qh6+ 38. Kc2 Qh7+
39. Qd3 Qf7 40. f3 b5 41. Kb1 Kd7 42. Qe4 Kc6 43. f4 Qh5 44. Qc2+ Kd7 45. f5
Qf3 46. Ka2 a5 47. Qb3 Qxb3+ 48. Kxb3 a4+ 49. Ka2 Ne3 50. f6 Ke6 51. Kb1 Ng4
52. Kc2 Nh6 53. Kd3 Kd5 54. Ke3 Nf7 55. Kf4 Ke6 56. Kg4 Nd8 57. Kg5 Nc6 58. Kg6
Nd8 59. Kg7 Kd7 60. f7 Ne6+ 61. Kg8 Ke7 62. Bg7 1-0

[Event "19. Open de Sants Hostafrancs 2017"]
[Site "Barcelona ESP"]
[Date "2017.08.21"]
[Round "4.36"]
[White "Valsecchi, Alessio"]
[Black "Roig Aguilar, Alejandro"]
[Result "1-0"]
[WhiteElo "2493"]
[BlackElo "2243"]
[PlyCount "91"]
[EventDate "2017.08.18"]
[EventType "swiss"]
[EventRounds "10"]
[EventCountry "ESP"]
[SourceTitle "Ajedrez en Madrid"]
[Source "lmi"]
[SourceDate "2017.08.18"]

1. e4 c5 2. Nf3 Nc6 3. d4 cxd4 4. Nxd4 g6 5. c4 Bg7 6. Be3 Nf6 7. Nc3 O-O 8.
Be2 d6 9. O-O Bd7 10. h3 Nxd4 11. Bxd4 Bc6 12. Qc2 a5 13. Rad1 Nd7 14. Bxg7
Kxg7 15. Bg4 Ne5 16. c5 Nxg4 17. hxg4 Qc8 18. cxd6 Qxg4 19. dxe7 Rfe8 20. Nd5
Bxd5 21. Qc3+ Kg8 22. exd5 Rxe7 23. d6 Rd7 24. Rfe1 Qg5 25. Re5 Qd8 26. Qd4 Qf8
27. a4 Rad8 28. Rd5 Qg7 29. Qb6 Qf6 30. R1d4 Rc8 31. Qxa5 Rc1+ 32. Rd1 Rxd1+
33. Rxd1 Rxd6 34. Rxd6 Qxd6 35. g3 Kg7 36. Qb5 Qe7 37. Qc4 Qe5 38. b3 Kf6 39.
Kg2 h5 40. b4 g5 41. a5 Ke7 42. b5 Qb8 43. Qc5+ Kd7 44. Qd5+ Kc8 45. Qf5+ Kc7
46. Qe5+ 1-0

[Event "19. Open de Sants Hostafrancs 2017"]
[Site "Barcelona ESP"]
[Date "2017.08.21"]
[Round "4.37"]
[White "Jimenez Garcia, Emmanuel"]
[Black "Firat, Burak"]
[Result "1/2-1/2"]
[WhiteElo "2219"]
[BlackElo "2482"]
[PlyCount "159"]
[EventDate "2017.08.18"]
[EventType "swiss"]
[EventRounds "10"]
[EventCountry "ESP"]
[SourceTitle "Ajedrez en Madrid"]
[Source "lmi"]
[SourceDate "2017.08.18"]

1. Nf3 d6 2. d4 f5 3. g3 Nf6 4. Bg2 g6 5. c4 Bg7 6. Nc3 O-O 7. O-O c6 8. Qc2
Na6 9. a3 Qe8 10. Re1 e5 11. e4 exd4 12. exf5 Bxf5 13. Rxe8 Bxc2 14. Rxa8 Rxa8
15. Nxd4 Bd3 16. Bf1 Bxf1 17. Kxf1 Nc5 18. Bf4 Nd3 19. Ne6 Nxf4 20. Nxf4 Ng4
21. Rd1 Nxh2+ 22. Kg2 Ng4 23. Rxd6 Ne5 24. c5 Bf8 25. Re6 Nc4 26. Re4 Nd2 27.
Rb4 Rb8 28. Ne6 Be7 29. Ne4 a5 30. Rd4 Nxe4 31. Rxe4 Kf7 32. f4 h6 33. g4 Re8
34. Kf3 Bf6 35. f5 Bxb2 36. fxg6+ Kxg6 37. Nf4+ Kf7 38. Ra4 Bc1 39. Ng2 Rd8 40.
Ke4 Bd2 41. Nh4 Kf6 42. Nf3 Bc1 43. Rxa5 Re8+ 44. Kd4 Re3 45. Ra8 Rxa3 46. Rb8
Ke6 47. Ne1 Be3+ 48. Ke4 Bxc5 49. Nd3 Ra4+ 50. Kf3 Ra3 51. Ke4 Ra4+ 52. Kf3 Bd6
53. Rxb7 Rd4 54. Nf2 Rf4+ 55. Ke3 Ra4 56. Ne4 Ra3+ 57. Kd4 Ra4+ 58. Kd3 Ke5 59.
Nxd6 Rd4+ 60. Ke3 Rxd6 61. Rg7 Kf6 62. Rg8 Rd5 63. Rf8+ Kg7 64. Rc8 Rc5 65. Kf4
Rc1 66. Kf5 Rf1+ 67. Ke4 Rc1 68. Kf5 Rf1+ 69. Ke4 Rf6 70. Ke5 Kg6 71. Rg8+ Kf7
72. Rc8 Re6+ 73. Kf5 Rd6 74. Rc7+ Ke8 75. Rh7 Kd8 76. Ke5 Rg6 77. Kf5 Rg5+ 78.
Kf4 Rg6 79. Kf5 Rg5+ 80. Kf4 1/2-1/2